How to talk to families about child and adolescent mental illness / (Record no. 15425)
[ view plain ]
| 000 -LEADER | |
|---|---|
| fixed length control field | 01834cam a2200361 a 4500 |
| 001 - CONTROL NUMBER | |
| control field | 15690163 |
| 003 - CONTROL NUMBER IDENTIFIER | |
| control field | OSt |
| 005 - DATE AND TIME OF LATEST TRANSACTION | |
| control field | 20140310182728.0 |
| 008 - FIXED-LENGTH DATA ELEMENTS--GENERAL INFORMATION | |
| fixed length control field | 090407s2009 nyu b 001 0 eng |
| 010 ## - LIBRARY OF CONGRESS CONTROL NUMBER | |
| LC control number | 2009014097 |
| 020 ## - INTERNATIONAL STANDARD BOOK NUMBER | |
| International Standard Book Number | 9780393705706 (pbk.) |
| 040 ## - CATALOGING SOURCE | |
| Original cataloging agency | DLC |
| Transcribing agency | DLC |
| Modifying agency | DLC |
| 050 00 - LIBRARY OF CONGRESS CALL NUMBER | |
| Classification number | RJ 499 |
| Item number | .M285 2009 |
| 100 1# - MAIN ENTRY--PERSONAL NAME | |
| Personal name | Marsh, Diane T. |
| 245 10 - TITLE STATEMENT | |
| Title | How to talk to families about child and adolescent mental illness / |
| Statement of responsibility, etc | Diane T. Marsh and Melissa J. Marks. |
| 260 ## - PUBLICATION, DISTRIBUTION, ETC. (IMPRINT) | |
| Place of publication, distribution, etc | New York : |
| Name of publisher, distributor, etc | W.W. Norton & Co., |
| Date of publication, distribution, etc | 2009. |
| 300 ## - PHYSICAL DESCRIPTION | |
| Extent | 252 p. ; |
| Dimensions | 21 cm. |
| 490 0# - SERIES STATEMENT | |
| Series statement | How to talk series |
| 500 ## - GENERAL NOTE | |
| General note | "A Norton professional book." |
| 504 ## - BIBLIOGRAPHY, ETC. NOTE | |
| Bibliography, etc | Includes bibliographical references (p. [225]-238) and index. |
| 505 1# - FORMATTED CONTENTS NOTE | |
| Formatted contents note | The family experience of mental illness -- Helping families cope with the mental health system -- Helping families understand the educational system -- Helping families cope with the educational system -- Helping families cope with mental illness -- Talking to families about anxiety disorders -- Talking to families about depression -- Talking to families about bipolar disorder -- Talking to families about schizophrenia -- Effective family-focused services -- Planning for the future. |
| 521 ## - TARGET AUDIENCE NOTE | |
| Target audience note | |
| 650 #0 - SUBJECT ADDED ENTRY--TOPICAL TERM | |
| Topical term or geographic name as entry element | Mentally ill children. |
| 650 #0 - SUBJECT ADDED ENTRY--TOPICAL TERM | |
| Topical term or geographic name as entry element | Parents of mentally ill children |
| General subdivision | Services for. |
| 650 #0 - SUBJECT ADDED ENTRY--TOPICAL TERM | |
| Topical term or geographic name as entry element | Families of the mentally ill |
| General subdivision | Services for. |
| 650 #0 - SUBJECT ADDED ENTRY--TOPICAL TERM | |
| Topical term or geographic name as entry element | Mentally ill children |
| General subdivision | Family relationships. |
| 650 #0 - SUBJECT ADDED ENTRY--TOPICAL TERM | |
| Topical term or geographic name as entry element | Mentally ill children |
| General subdivision | Care. |
| 700 1# - ADDED ENTRY--PERSONAL NAME | |
| Personal name | Marks, Melissa J. |
| 906 ## - LOCAL DATA ELEMENT F, LDF (RLIN) | |
| a | 7 |
| b | cbc |
| c | orignew |
| d | 1 |
| e | ecip |
| f | 20 |
| g | y-gencatlg |
| 942 ## - ADDED ENTRY ELEMENTS (KOHA) | |
| Source of classification or shelving scheme | Library of Congress Classification |
| Koha item type | Books |
| Call number prefix | Foreign |
| Withdrawn status | Lost status | Source of classification or shelving scheme | Damaged status | Home library | Current library | Shelving location | Date acquired | Total Checkouts | Full call number | Barcode | Date last seen | Copy number | Price effective from | Koha item type |
|---|---|---|---|---|---|---|---|---|---|---|---|---|---|---|
| Library of Congress Classification | College Library | College Library | General Circulation Section | 10/15/2011 | RJ 499 .M285 2009 | C13821 | 05/15/2018 | 1 | 10/18/2013 | Books |